Manufacturing Commodities selected principal articles produced

Salvato in:
Dettagli Bibliografici
Natura: Libro
Lingua:inglese
Pubblicazione: Canberra Australian Bureau of Statistics 1981
Tags: Aggiungi Tag
Nessun Tag, puoi essere il primo ad aggiungerne!!

MARC

LEADER 00000nam a2200000 4500
001 c140617
005 20041019155319.5
041 0 |a eng 
044 |a AU 
245 1 0 |a Manufacturing Commodities  |b selected principal articles produced 
264 1 |a Canberra  |b Australian Bureau of Statistics  |c 1981 
300 |a 19 s.